Sistemas de información para la gestión empresaria : procedimientos, seguridad y auditoría /
Díptico sobre los sistemas de información para la gestión empresaria, cuya segunda entrega muestra algunos de los métodos utilizados para lograr -con la mejor precisión y claridad posibles- el diseño de un sistema de información cuando nos embarcamos en un proyecto informático. Contenido: 1. Metodol...
Enregistré dans:
| Auteur principal: | |
|---|---|
| Format: | Livre |
| Langue: | espagnol |
| Publié: |
Buenos Aires, Argentina :
Pearson,
2001, c2001
|
| Sujets: | |
| Tags: |
Pas de tags, Soyez le premier à ajouter un tag!
|
MARC
| LEADER | 00000nam^a2200000^a^4500 | ||
|---|---|---|---|
| 001 | 000153962 | ||
| 005 | 20250521000000.0 | ||
| 009 | 20260310100336.898 | ||
| 020 | |a 987-9460-51-0 | ||
| 037 | |a Acervo ITESO - Biblioteca | ||
| 041 | |a ESP | ||
| 082 | |a 658. 00285 |b LAR V. 2 | ||
| 100 | |a Lardent, Alberto R. |e (autor) | ||
| 240 | 1 | 1 | |a [Sistemas de información para la gestión empresaria] |
| 245 | 1 | 0 | |a Sistemas de información para la gestión empresaria : |b procedimientos, seguridad y auditoría / |c A.R. Lardent. |
| 264 | 4 | |a Buenos Aires, Argentina : |b Pearson, |c 2001, c2001 | |
| 300 | |a XV, 443 p. | ||
| 336 | |a texto |b txt |2 rdacontenido | ||
| 337 | |a sin mediación |b n |2 rdamedio | ||
| 338 | |a volumen |b nc |2 rdasoporte | ||
| 520 | |a Díptico sobre los sistemas de información para la gestión empresaria, cuya segunda entrega muestra algunos de los métodos utilizados para lograr -con la mejor precisión y claridad posibles- el diseño de un sistema de información cuando nos embarcamos en un proyecto informático. Contenido: 1. Metodología de exposición de procedimientos. 2, 4, 6, 7, 9, 10, 11, 12, 13, 15, 17 y 18. Estudio de procedimientos: compras mayores y recepción; cuentas a pagar; comercialización; ventas a crédito; pedidos de clientes; facturación a clientes; cuentas a cobrar; cobranzas; cobranza en punto de vista; remuneraciones; administración de inventario de productos terminados y bienes de uso. 3, 5, 8, 14, 16. Principios y técnicas de control: compras mayores y recepción; cuentas a pagar, ventas a crédito; cuentas a cobrar y cobranzas; remuneraciones. 19. Seguridad informática. 20. Auditoría de sistemas de información. 21. Auditoría de organización y administración del ambiente informático. 22. Controles de accesos lógicos y físicos. 23. Seguridad en los sistemas de base de datos. 24. Seguridad de redes y sistemas distribuidos. 25. Auditoría del desarrollo de sistemas. 26. Auditoría de sistemas de aplicación instalados. 27. Técnicas de auditoría y evaluación. 28. Técnicas de auditoría asistidas por computadora y 29. Recuperación de desastres, continuidad de operaciones. | ||
| 649 | |a XX | ||
| 650 | |a Sistemas de Información - |x Administración | ||
| 650 | |a Redes de Computadoras - |x Seguridad | ||
| 650 | |a Auditoría Informática | ||
| 650 | |a Proceso Administrativo | ||
| 650 | |a Informática | ||
| 650 | |a Ingeniería Computacional | ||
| 650 | |a Empresas - |x Administración | ||
| 650 | |a Ciencias Administrativas | ||
| 910 | |a Fondo General | ||
| 920 | |a Impresos - Libros | ||
| 930 | |a Colección General | ||
| 905 | |a 101 | ||
| 901 | |a 0500085926 |b IT1 |c ACC |u 20250521 | ||
| 902 | |a https://opac.biblio.iteso.mx/vufind/Record/000153962 | ||